Blurred zones : (Record no. 30132)
[ view plain ]
| 000 -LEADER | |
|---|---|
| fixed length control field | 00907cam a22002294a 4500 |
| 001 - CONTROL NUMBER | |
| control field | vtls003019665 |
| 003 - CONTROL NUMBER IDENTIFIER | |
| control field | MY-SjTCS |
| 005 - DATE AND TIME OF LATEST TRANSACTION | |
| control field | 20200306154546.0 |
| 008 - FIXED-LENGTH DATA ELEMENTS--GENERAL INFORMATION | |
| fixed length control field | 110218s2003 nyua b 000 0 eng |
| 020 ## - INTERNATIONAL STANDARD BOOK NUMBER | |
| International Standard Book Number | 1580930492 |
| 039 #9 - LEVEL OF BIBLIOGRAPHIC CONTROL AND CODING DETAIL [OBSOLETE] | |
| Level of rules in bibliographic description | 201102181542 |
| Level of effort used to assign nonsubject heading access points | VLOAD |
| Level of effort used to assign subject headings | 200410251314 |
| Level of effort used to assign classification | kusuma |
| -- | 200410251312 |
| -- | kusuma |
| 082 00 - DEWEY DECIMAL CLASSIFICATION NUMBER | |
| Classification number | 720.92 |
| Item number | BLU |
| 245 00 - TITLE STATEMENT | |
| Title | Blurred zones : |
| Remainder of title | investigations of the interstitial : Eisenman Architects, 1988-1998 / |
| Statement of responsibility, etc. | with essays by Andrew Benjamin ... [et al.]. |
| 260 ## - PUBLICATION, DISTRIBUTION, ETC. | |
| Place of publication, distribution, etc. | New York : |
| Name of publisher, distributor, etc. | Monacelli Press, |
| Date of publication, distribution, etc. | c2003. |
| 300 ## - PHYSICAL DESCRIPTION | |
| Extent | 334 p. : |
| Other physical details | ill. (some col.) ; |
| Dimensions | 29 cm. |
| 504 ## - BIBLIOGRAPHY, ETC. NOTE | |
| Bibliography, etc. note | Includes bibliographical references. |
| 600 10 - SUBJECT ADDED ENTRY--PERSONAL NAME | |
| Personal name | Eisenman, Peter, |
| Dates associated with a name | 1932- |
| General subdivision | Criticism and interpretation. |
| 9 (RLIN) | 18223 |
| 610 20 - SUBJECT ADDED ENTRY--CORPORATE NAME | |
| Corporate name or jurisdiction name as entry element | Eisenman Architects. |
| 9 (RLIN) | 213499 |
| 650 #0 - SUBJECT ADDED ENTRY--TOPICAL TERM | |
| Topical term or geographic name entry element | Architecture, Modern |
| Chronological subdivision | 20th century |
| Form subdivision | Designs and plans. |
| 9 (RLIN) | 15618 |
| 700 1# - ADDED ENTRY--PERSONAL NAME | |
| Personal name | Benjamin, Andrew E. |
| 9 (RLIN) | 208164 |
| 920 ## - Programme | |
| Programme | BLT (DIP) : 523954 |
| Withdrawn status | Lost status | Source of classification or shelving scheme | Damaged status | Not for loan | Home library | Current library | Date acquired | Total Checkouts | Barcode | Date last seen | Date last checked out | Copy number | Koha item type | Public note |
|---|---|---|---|---|---|---|---|---|---|---|---|---|---|---|
| Missing Stock take | Dewey Decimal Classification | Taylor's Library-TU | Taylor's Library-TU | 25/10/2004 | 41 | 1001001266 | 05/12/2019 | 13/05/2010 | 1 | Main Collection | SABDx,23003,02,GR |